Kanye West complete the song title - Statistics

General Stats
  • This quiz has been taken 21 times
  • The average score is 45 of 67
Answer Stats
Hint Answer % Correct
My Beautiful Dark TwistedFantasy (2010) All of the {lights}
95%
Yeezus (2013) {Black} skinhead
95%
Graduation (2007) Can't {tell} me nothing
95%
My Beautiful Dark TwistedFantasy (2010) Devil in a {new} {dress}
95%
ye (2018) Ghost {town}
95%
Late Registration (2005) Gold {digger}
95%
Graduation (2007) Home{coming}
95%
The College Dropout (2004) Never let me {down}
95%
The Life of Pablo (2016) No more parties in {LA}
95%
The College Dropout (2004) Through the {wire}
95%
Graduation (2007) {Barry} bonds
90%
Graduation (2007) Drunk and {hot} girls
90%
My Beautiful Dark TwistedFantasy (2010) {Hell} of a life
90%
The College Dropout (2004) {Slow} jamz
90%
The Life of Pablo (2016) Ultralight {beam}
90%
ye (2018) Violent {crimes}
90%
Late Registration (2005) {Wake} {up} Mr. West
90%
Yeezus (2013) {Blood} on the leaves
85%
Late Registration (2005) {Diamonds} from Sierra Leone
85%
Yeezus (2013) Hold my {liquor}
85%
Watch the Throne (2011) No {church} in the wild
85%
BULLY (2026) Preacher {man}
85%
The College Dropout (2004) Breathe in {breathe} {out}
80%
Graduation (2007) Everything {I} {am}
80%
Donda (2021) {Life} of the party
80%
Yeezus (2013) New {slaves}
80%
ye (2018) {No} mistakes
80%
808s & Heartbreak (2008) Welcome to {heartbreak}
80%
Late Registration (2005) We {major}
80%
The Life of Pablo (2016) Feed{back}
75%
The College Dropout (2004) I'll {fly} away
75%
808s & Heartbreak (2008) Robo{Cop}
75%
Watch the Throne (2011) Who Gon {stop} me
75%
KIDS SEE GHOSTS (2018) 4th {dimension}
70%
My Beautiful Dark TwistedFantasy (2010) Lost in {the} {world}
70%
BULLY (2026) Punch {drunk}
70%
808s & Heartbreak (2008) Say you {will}
70%
The Life of Pablo (2016) {30} hours
65%
Jesus is King (2019) {Closed} on Sunday
65%
Jesus is King (2019) Jesus is {Lord}
65%
BULLY (2026) {Last} breath
65%
BULLY (2026) {Mama}'s favorite
65%
My Beautiful Dark TwistedFantasy (2010) Who will {survive} in America
65%
BULLY (2026) This a {must}
60%
Donda (2021) Believe what {I} {say}
55%
808s & Heartbreak (2008) {Coldest} winter
55%
Yeezus (2013) {Guilt} trip
55%
808s & Heartbreak (2008) Pinocchio {story}
50%
Watch the Throne (2011) Welcome to the {jungle}
50%
KIDS SEE GHOSTS (2018) {Cudi} montage
45%
KIDS SEE GHOSTS (2018) Feel the {love}
45%
DONDA 2 (2025) First time in a {long} {time}
45%
Donda (2021) Off the {grid}
45%
The Life of Pablo (2016) {Frank}'s track
40%
VULTURES 1 (2024) Hood{rat}
40%
Donda (2021) Keep my {spirit} alive
40%
Watch the Throne (2011) Murder to {excellence}
40%
ye (2018) Wouldn't {leave}
40%
VULTURES 1 (2024) Fuk {Sumn}
35%
VULTURES 2 (2024) Sky {city}
35%
Jesus is King (2019) Every {hour}
30%
DONDA 2 (2025) Broken {road}
25%
Jesus is King (2019) Everything we {need}
25%
VULTURES 2 (2024) Forever {rolling}
20%
DONDA 2 (2025) Keep the {flowers}
20%
VULTURES 1 (2024) {Keys} to my life
20%
VULTURES 2 (2024) Time {moving} slow
15%
No matching quizzes found
Score Distribution
Percent of People with Each Score
Percentile by Number Answered
Your Score History
You have not taken this quiz